Préfectures de France : Evreux - Statistiques

Statistiques générales
  • Ce quiz a été pris 51 fois
  • Le résultat moyen est 9 sur 25
Statistiques - réponses
Question Réponse % Correct
Quel numéro porte celui-ci ? 27
100%
De quel département est-ce la préfecture ? Eure
95%
La ville appartient à l'académie de Normandie
79%
A quelle région administrative appartient la ville depuis 2015 ? Normandie
79%
L'aéroport le plus proche est Rouen
74%
La ville est traversée par l'/le/la Iton
57%
Une barre coupe le blason, elle est blanche et rouge
52%
Comment se nomment ses habitants ? Ebroïciens | Ebroïciennes
50%
La couleur de fond de son blason est le/l' bleu
48%
Quelles sont les sous-préfectures qui en dépendent ? Les Andelys
48%
Quelles sont les sous-préfectures qui en dépendent ? Bernay
45%
La ville appartient au diocèse de/d' Evreux
36%
Une base aérienne militaire se trouve à proximité à Fauville
29%
La cathédrale est dédiée à Notre-Dame | Vierge
29%
Les communes limitrophes dont le nom commence par A sont Angerville-la-Campagne
24%
Les communes limitrophes dont le nom commence par A sont Aviron
21%
Ville européenne jumelée avec la ville (8 possibilités) Rugby | Rüsselsheim | Kachira
21%
Les communes limitrophes dont le nom commence par A sont Arnières-sur-Iton
17%
L'évangélisateur de la région d'Evreux est St Taurin
7%
Le blason est orné de Fleurs de lys
5%
Les Romains appellent la ville Mediolanum Aulercorum
5%
La ville est le siège des editions Atlas
2%
Le peuple gaulois qui l'occupe est celui des Aulerques Eburovices
2%
Ville africaine jumelée avec la ville (2 possibilités) Djougou | Ziguinchor
2%
Les Vikings attaquent pour la 1ère fois la région en 841
0%
Aucun quiz correspondant
Distribution des résultats
% des personnes avec chaque résultat
Percentile par nombre de réponses
Votre historique - résultats
Vous n’avez pas pris ce quiz